مكتبة جامعة عجلون الوطنية

فهرس بحث المكتبة

Normal view MARC view
  • التفكير النقدي عند الاطفال

Entry Topical Term

Number of records used in: 1

001 - CONTROL NUMBER

  • control field: 50506

003 - CONTROL NUMBER IDENTIFIER

  • control field: JO-AjAnu

005 - DATE AND TIME OF LATEST TRANSACTION

  • control field: 20230606082320.0

008 - FIXED-LENGTH DATA ELEMENTS

  • fixed length control field: 230606|| aca||aabn | a|a d

040 ## - CATALOGING SOURCE

  • Original cataloging agency: JO-AjAnu
  • Transcribing agency: JO-AjAnu

150 ## - HEADING--TOPICAL TERM

  • Topical term or geographic name entry element: التفكير النقدي عند الاطفال

670 ## - SOURCE DATA FOUND

  • Source citation: Work cat.: (JO-AjAnu)25820: تاليف L.Stanley,Wenck ، م.مشارك Arlene Burgdorf،Don Barnes ؛ ترجمة سناء العاني؛ مراجعة محمد جهاد جمل, author 50505, التفكير النقدي:مهارات القراءة والتفكير المنطقي،حزمة كبيرة من التدريبات لاكتساب مهارات التفكير المنطقي والتفكير النقدي وحل المشكلات = Critical Thinking: Reading,Thinking, And Reasoning Skills